4 Letter Countries - Statistics

General Stats
  • This quiz has been taken 594 times
  • The average score is 10 of 12
Answer Stats
Hint Answer % Correct
Middle East, country Iran
95%
Middle East, country Iraq
95%
S. America, country Peru
94%
Oceania, country Fiji
93%
N. America, country Cuba
91%
Africa, country Chad
90%
Middle East, country Oman
90%
Asia, country Laos
88%
Africa, country Togo
87%
Africa, country Mali
86%
Oceania, territory (US) Guam
56%
Oceania, territory (NZ) Niue
30%
No matching quizzes found
Score Distribution
Percent of People with Each Score
Percentile by Number Answered
Your Score History
You have not taken this quiz